000 00507nam a2200181Ia 4500
003 GCL
008 140319s9999 xx 000 0 ara d
040 _aGCL /
_cGCL
082 0 4 _a813.083
_bا م
100 1 _aاحمد بهجت
245 1 0 _aمذكرات صائم /
_cاحمد بهجت
260 _a[S.N] :
_bالاهرام للترجمة والنشر ،
_c1986
300 _a150 ص
490 _a
650 0 4 _aالادب العربى
650 0 4 _aالرمزية فى الادب
942 _2ddc
_cBK
999 _c31958
_d31958